<?xml version="1.0" encoding="UTF-8"?>
<record
    xmlns:xsi="http://www.w3.org/2001/XMLSchema-instance"
    xsi:schemaLocation="http://www.loc.gov/MARC21/slim http://www.loc.gov/standards/marcxml/schema/MARC21slim.xsd"
    xmlns="http://www.loc.gov/MARC21/slim">

  <leader>01385nam a22002537a 4500</leader>
  <controlfield tag="003">OSt</controlfield>
  <controlfield tag="005">20220204104703.0</controlfield>
  <controlfield tag="008">120126t        xxu||||| |||| 00| 0 eng d</controlfield>
  <datafield tag="020" ind1=" " ind2=" ">
    <subfield code="a">9781111525200</subfield>
  </datafield>
  <datafield tag="020" ind1=" " ind2=" ">
    <subfield code="a">111152520X</subfield>
  </datafield>
  <datafield tag="040" ind1=" " ind2=" ">
    <subfield code="c">LC</subfield>
  </datafield>
  <datafield tag="050" ind1=" " ind2=" ">
    <subfield code="a">HD30.28.J76</subfield>
  </datafield>
  <datafield tag="100" ind1=" " ind2=" ">
    <subfield code="q">Jones, Gareth R. </subfield>
  </datafield>
  <datafield tag="245" ind1=" " ind2=" ">
    <subfield code="a">Strategic management esentials. /</subfield>
    <subfield code="c">Gareth R. Jones, Charles W.L. Hill,</subfield>
  </datafield>
  <datafield tag="250" ind1=" " ind2=" ">
    <subfield code="a">3rd ed..</subfield>
    <subfield code="b">international ed.]</subfield>
  </datafield>
  <datafield tag="260" ind1=" " ind2=" ">
    <subfield code="a">New York: </subfield>
    <subfield code="b">South-Western,</subfield>
    <subfield code="c">2012.</subfield>
  </datafield>
  <datafield tag="300" ind1=" " ind2=" ">
    <subfield code="a">xv, 259 p. + [various pagings] :</subfield>
    <subfield code="b">ill.;</subfield>
  </datafield>
  <datafield tag="505" ind1=" " ind2=" ">
    <subfield code="a">Contents:1. Introduction to strategic management: Developing the competitive strategic process -- Governing stakeholders and business ethics -- 2. The nature of competitive advantage: Identifying opportunities and threats through external analysis -- Building competitive advantages -- 3. Building and sustaining long-run competitive advantages: Positioning for competitive-level strategy -- Global strategy -- Long-run profitability through corporate-level strategy -- 4. Strategy implementation: Strategic change -- Implementing strategy through organizational design --         </subfield>
  </datafield>
  <datafield tag="650" ind1=" " ind2=" ">
    <subfield code="a">Strategic planning </subfield>
    <subfield code="x"> United States. </subfield>
    <subfield code="x">Case studies. </subfield>
  </datafield>
  <datafield tag="650" ind1=" " ind2=" ">
    <subfield code="a">Business planning</subfield>
    <subfield code="x"> United States. </subfield>
    <subfield code="x"> Case studies. </subfield>
  </datafield>
  <datafield tag="650" ind1=" " ind2=" ">
    <subfield code="a">Management</subfield>
    <subfield code="x"> United States</subfield>
    <subfield code="x"> Case studies. </subfield>
  </datafield>
  <datafield tag="700" ind1=" " ind2=" ">
    <subfield code="q">Hill, Charles W. L.</subfield>
  </datafield>
  <datafield tag="942" ind1=" " ind2=" ">
    <subfield code="2">lcc</subfield>
    <subfield code="c">BK</subfield>
  </datafield>
  <datafield tag="999" ind1=" " ind2=" ">
    <subfield code="c">8157</subfield>
    <subfield code="d">15657</subfield>
  </datafield>
  <datafield tag="952" ind1=" " ind2=" ">
    <subfield code="0">0</subfield>
    <subfield code="1">0</subfield>
    <subfield code="2">lcc</subfield>
    <subfield code="4">0</subfield>
    <subfield code="7">0</subfield>
    <subfield code="a">WIUC-KL</subfield>
    <subfield code="b">WIUC-KL</subfield>
    <subfield code="c">GEN</subfield>
    <subfield code="d">2019-11-08</subfield>
    <subfield code="e">WIUC</subfield>
    <subfield code="o">HD30.28.J76(3e)</subfield>
    <subfield code="p">K/1800/1800/19</subfield>
    <subfield code="r">2021-11-29 00:00:00</subfield>
    <subfield code="t">1</subfield>
    <subfield code="w">2021-11-29</subfield>
    <subfield code="y">BK</subfield>
  </datafield>
  <datafield tag="952" ind1=" " ind2=" ">
    <subfield code="0">0</subfield>
    <subfield code="1">0</subfield>
    <subfield code="2">lcc</subfield>
    <subfield code="4">0</subfield>
    <subfield code="7">0</subfield>
    <subfield code="a">WIUC-KL</subfield>
    <subfield code="b">WIUC-KL</subfield>
    <subfield code="c">GEN</subfield>
    <subfield code="d">2019-11-08</subfield>
    <subfield code="e">WIUC</subfield>
    <subfield code="o">HD30.28.J761(3e)</subfield>
    <subfield code="p">K/1801/1801/19</subfield>
    <subfield code="r">2021-11-29 00:00:00</subfield>
    <subfield code="t">2</subfield>
    <subfield code="w">2021-11-29</subfield>
    <subfield code="y">BK</subfield>
  </datafield>
  <datafield tag="952" ind1=" " ind2=" ">
    <subfield code="0">0</subfield>
    <subfield code="1">0</subfield>
    <subfield code="2">lcc</subfield>
    <subfield code="4">0</subfield>
    <subfield code="7">0</subfield>
    <subfield code="a">WIUC-KL</subfield>
    <subfield code="b">WIUC-KL</subfield>
    <subfield code="c">GEN</subfield>
    <subfield code="d">2019-10-24</subfield>
    <subfield code="e">WIUC</subfield>
    <subfield code="o">HD30.28.J762(3e)</subfield>
    <subfield code="p">K/502/502/19</subfield>
    <subfield code="r">2022-02-04 00:00:00</subfield>
    <subfield code="t">3</subfield>
    <subfield code="w">2021-11-29</subfield>
    <subfield code="y">BK</subfield>
  </datafield>
</record>
